<?xml version="1.0" encoding="UTF-8"?>
<marc:record xmlns:marc="http://www.loc.gov/MARC21/slim" type="Bibliographic">
   <marc:leader>00000ncm a2200000 c 4500</marc:leader>
   <marc:controlfield tag="001">359388361</marc:controlfield>
   <marc:controlfield tag="003">DE-101</marc:controlfield>
   <marc:controlfield tag="005">20171202091042.0</marc:controlfield>
   <marc:controlfield tag="007">q|</marc:controlfield>
   <marc:controlfield tag="008">070412s2002    au |||||r|||||||||||ger  </marc:controlfield>
   <marc:datafield ind1=" " ind2=" " tag="015">
      <marc:subfield code="a">07,M06,0185</marc:subfield>
      <marc:subfield code="2">dnb</marc:subfield>
   </marc:datafield>
   <marc:datafield ind1="7" ind2=" " tag="016">
      <marc:subfield code="2">DE-101</marc:subfield>
      <marc:subfield code="a">359388361</marc:subfield>
   </marc:datafield>
   <marc:datafield ind1=" " ind2=" " tag="020">
      <marc:subfield code="a">9783900590178</marc:subfield>
      <marc:subfield code="9">978-3-900590-17-8</marc:subfield>
   </marc:datafield>
   <marc:datafield ind1=" " ind2=" " tag="020">
      <marc:subfield code="a">3900590176</marc:subfield>
      <marc:subfield code="9">3-900590-17-6</marc:subfield>
   </marc:datafield>
   <marc:datafield ind1=" " ind2=" " tag="020">
      <marc:subfield code="a">9783850611718</marc:subfield>
      <marc:subfield code="9">978-3-85061-171-8</marc:subfield>
   </marc:datafield>
   <marc:datafield ind1=" " ind2=" " tag="020">
      <marc:subfield code="a">385061171X</marc:subfield>
      <marc:subfield code="9">3-85061-171-X</marc:subfield>
   </marc:datafield>
   <marc:datafield ind1=" " ind2=" " tag="020">
      <marc:subfield code="a">9783850611701</marc:subfield>
      <marc:subfield code="9">978-3-85061-170-1</marc:subfield>
   </marc:datafield>
   <marc:datafield ind1=" " ind2=" " tag="020">
      <marc:subfield code="a">3850611701</marc:subfield>
      <marc:subfield code="9">3-85061-170-1</marc:subfield>
   </marc:datafield>
   <marc:datafield ind1="2" ind2=" " tag="024">
      <marc:subfield code="a">M500220497</marc:subfield>
      <marc:subfield code="9">M-50022-049-7</marc:subfield>
   </marc:datafield>
   <marc:datafield ind1="2" ind2=" " tag="024">
      <marc:subfield code="a">M500223498</marc:subfield>
      <marc:subfield code="9">M-50022-349-8</marc:subfield>
   </marc:datafield>
   <marc:datafield ind1="2" ind2=" " tag="024">
      <marc:subfield code="a">M500223481</marc:subfield>
      <marc:subfield code="9">M-50022-348-1</marc:subfield>
   </marc:datafield>
   <marc:datafield ind1="3" ind2="2" tag="028">
      <marc:subfield code="a">HI C 5337 (Buch + CD)  (Pr. nicht mitget.)</marc:subfield>
   </marc:datafield>
   <marc:datafield ind1="3" ind2="2" tag="028">
      <marc:subfield code="a">HI C 5336 CD (CD)  (Pr. nicht mitget.)</marc:subfield>
   </marc:datafield>
   <marc:datafield ind1="3" ind2="2" tag="028">
      <marc:subfield code="a">HI C 4324 (Buch)  (Pr. nicht mitget.)</marc:subfield>
   </marc:datafield>
   <marc:datafield ind1="3" ind2="2" tag="028">
      <marc:subfield code="a">HI - C4324 (Buch)  (Pr. nicht mitget.)</marc:subfield>
   </marc:datafield>
   <marc:datafield ind1="3" ind2="2" tag="028">
      <marc:subfield code="a">HI - C5337 (Buch + CD)  (Pr. nicht mitget.)</marc:subfield>
   </marc:datafield>
   <marc:datafield ind1="3" ind2="2" tag="028">
      <marc:subfield code="a">HI - C5336CD (CD)  (Pr. nicht mitget.)</marc:subfield>
   </marc:datafield>
   <marc:datafield ind1=" " ind2=" " tag="035">
      <marc:subfield code="a">(DE-599)DNB359388361</marc:subfield>
   </marc:datafield>
   <marc:datafield ind1=" " ind2=" " tag="035">
      <marc:subfield code="a">(OCoLC)724839200</marc:subfield>
   </marc:datafield>
   <marc:datafield ind1=" " ind2=" " tag="040">
      <marc:subfield code="a">1340</marc:subfield>
      <marc:subfield code="b">ger</marc:subfield>
      <marc:subfield code="c">DE-101</marc:subfield>
      <marc:subfield code="d">9999</marc:subfield>
   </marc:datafield>
   <marc:datafield ind1=" " ind2=" " tag="041">
      <marc:subfield code="a">ger</marc:subfield>
   </marc:datafield>
   <marc:datafield ind1=" " ind2=" " tag="044">
      <marc:subfield code="c">XA-AT</marc:subfield>
   </marc:datafield>
   <marc:datafield ind1="7" ind2="4" tag="082">
      <marc:subfield code="a">782.4</marc:subfield>
      <marc:subfield code="q">DE-101</marc:subfield>
      <marc:subfield code="2">22sdnb</marc:subfield>
   </marc:datafield>
   <marc:datafield ind1="1" ind2=" " tag="100">
      <marc:subfield code="0">(DE-588)1011875780</marc:subfield>
      <marc:subfield code="0">http://d-nb.info/gnd/1011875780</marc:subfield>
      <marc:subfield code="0">(DE-101)1011875780</marc:subfield>
      <marc:subfield code="a">Schneidewind, Ruth</marc:subfield>
      <marc:subfield code="d">1956-</marc:subfield>
      <marc:subfield code="e">Komponist</marc:subfield>
      <marc:subfield code="4">cmp</marc:subfield>
   </marc:datafield>
   <marc:datafield ind1="0" ind2="0" tag="245">
      <marc:subfield code="a">13 x 3 und du bist dabei!</marc:subfield>
      <marc:subfield code="b">39 Kinderlieder für alle Tage und besondere Gelegenheiten</marc:subfield>
      <marc:subfield code="c">von Ruth Schneidewind. Ill. von Lisi Breuss</marc:subfield>
   </marc:datafield>
   <marc:datafield ind1="3" ind2=" " tag="246">
      <marc:subfield code="a">Dreizehn x 3 und du bist dabei!</marc:subfield>
   </marc:datafield>
   <marc:datafield ind1=" " ind2=" " tag="250">
      <marc:subfield code="a">Aktualisierte Neuausg.</marc:subfield>
   </marc:datafield>
   <marc:datafield ind1=" " ind2="1" tag="264">
      <marc:subfield code="a">Rum/Innsbruck</marc:subfield>
      <marc:subfield code="b">Helbling</marc:subfield>
      <marc:subfield code="c">c 2002</marc:subfield>
   </marc:datafield>
   <marc:datafield ind1=" " ind2=" " tag="300">
      <marc:subfield code="a">84 S.</marc:subfield>
      <marc:subfield code="b">farb. Ill.</marc:subfield>
      <marc:subfield code="c">22 cm</marc:subfield>
      <marc:subfield code="e">1 CD (12 cm)</marc:subfield>
   </marc:datafield>
   <marc:datafield ind1=" " ind2=" " tag="336">
      <marc:subfield code="a">Noten</marc:subfield>
      <marc:subfield code="b">ntm</marc:subfield>
      <marc:subfield code="2">rdacontent</marc:subfield>
   </marc:datafield>
   <marc:datafield ind1=" " ind2=" " tag="337">
      <marc:subfield code="a">ohne Hilfsmittel zu benutzen</marc:subfield>
      <marc:subfield code="b">n</marc:subfield>
      <marc:subfield code="2">rdamedia</marc:subfield>
   </marc:datafield>
   <marc:datafield ind1=" " ind2=" " tag="338">
      <marc:subfield code="a">Band</marc:subfield>
      <marc:subfield code="b">nc</marc:subfield>
      <marc:subfield code="2">rdacarrier</marc:subfield>
   </marc:datafield>
   <marc:datafield ind1=" " ind2=" " tag="500">
      <marc:subfield code="a">Für verschiedene Besetzungen.</marc:subfield>
   </marc:datafield>
   <marc:datafield ind1=" " ind2=" " tag="500">
      <marc:subfield code="a">Früheres Copyright: 1990.</marc:subfield>
   </marc:datafield>
   <marc:datafield ind1=" " ind2=" " tag="500">
      <marc:subfield code="a">CD mit Playbacks, stereo, DDD, ISBN 3-85061-170-1*, ISMN M-50022-348-1, Best.-Nr. HI - C5336CD.</marc:subfield>
   </marc:datafield>
   <marc:datafield ind1="8" ind2=" " tag="505">
      <marc:subfield code="a">Die Regenmännchen. Es ist schön ... Der Specht. Auto fahren. Der Kuckuck. Wau wau wau. Spatzensalat. Hampelfrau und Hampelmann. Die kleine Hex'. Weihnachten. Klingelingeling, liebes Christkind. Manchmal. Wir bauen uns ein Auto. Wie man schlafen geht. Autobus. Guten Morgen. Küchentanz.</marc:subfield>
   </marc:datafield>
   <marc:datafield ind1=" " ind2=" " tag="850">
      <marc:subfield code="a">DE-101c</marc:subfield>
   </marc:datafield>
   <marc:datafield ind1="r" ind2=" " tag="925">
      <marc:subfield code="a">rm</marc:subfield>
   </marc:datafield>
</marc:record>
